|
|
|
|
| LEADER |
00000nab a2200000 a 4500 |
| 001 |
vtls009520390 |
| 003 |
SK-MaSNL |
| 005 |
20260304151245.0 |
| 008 |
250506c2009 xo |r|p|||||||000 b|slo |
| 015 |
|
|
|a SNBRB2009/06
|2 snkbucl
|
| 035 |
|
|
|a (uuid)675460f4-36a0-462d-bd3a-5ed38623ed62
|
| 035 |
|
|
|a urn:nbn:sk:snk-abc4tp
|
| 035 |
|
|
|a (urnnbn)urn:nbn:sk:snk:ar-004fst
|
| 038 |
|
|
|a SNKBUCL
|
| 040 |
|
|
|a SNKBUCL
|b slo
|c SNKBUCL
|e AACR2
|
| 041 |
1 |
|
|a slo
|h ukr
|
| 044 |
|
|
|a xo
|c SK
|
| 080 |
|
|
|a 821.161.2-1
|2 2001
|
| 100 |
1 |
|
|a Voľvač, Pavlo,
|d 1963-
|4 aut
|9 1472356
|
| 245 |
1 |
0 |
|a Verše
|c Pavlo Voľvač ; preložil Juraj Andričík
|
| 300 |
|
|
|b Fotogr.
|
| 500 |
|
|
|a Blok obsahuje 7 básní
|
| 650 |
0 |
7 |
|a ukrajinské básne
|2 snkbucl
|9 857154
|
| 700 |
1 |
|
|a Andričík, Juraj,
|d 1937-2017
|4 trl
|9 171047
|
| 740 |
0 |
2 |
|a Nepíšem ...
|
| 740 |
0 |
2 |
|a Na vráskach predmestí ...
|
| 740 |
0 |
2 |
|a Ukryjem sa v krčme ...
|
| 740 |
0 |
2 |
|a Májová retrospektíva
|
| 740 |
0 |
2 |
|a Stojíš pred osudom podnieteným ...
|
| 740 |
0 |
2 |
|a Žiješ si ako pohan, skrátka ...
|
| 740 |
0 |
2 |
|a Ten letný dážď je ako potlesk ...
|
| 773 |
0 |
|
|t Revue svetovej literatúry
|g Roč. XLV, č. 1 (2009), s. 54-56
|x 0231-6269
|
| 850 |
|
|
|a Slovenská národná knižnica
|
| 852 |
|
|
|a Slovenská národná knižnica
|
| 958 |
|
|
|a article15
|
| 958 |
|
|
|a OND
|
| 958 |
|
|
|a LX
|
| 958 |
|
|
|a UA
|
| 958 |
|
|
|a EUIPO
|
| 999 |
|
|
|c 2942467
|d 2944397
|